000 00614nam a2200241Ia 4500
003 OSt
005 20221007071438.0
006 a|||||r|||| 00| 0
007 ta
008 221006b |||||||| |||| 00| 0 eng d
024 _a24,675
037 _cTextual
040 _aFLL
_cFLL
_beng
041 _2eng
_aeng
082 _aZ3vN6, L9
100 _aBaker J.H.
245 0 _aIntroduction to english legal history
250 _a2nd
260 _aLondon
_bButterworths London
_c1979
300 _axxx,1-477p
_ccm.
942 _hZ3vN6, L9
_cTEXL
_2CC
999 _c1143366
_d1143366